| 000 | 00602nam a22001937a 4500 | ||
|---|---|---|---|
| 003 | OSt | ||
| 005 | 20250721020933.0 | ||
| 008 | 250721b |||||||| |||| 00| 0 eng d | ||
| 020 | _a9789814384995 | ||
| 040 |
_aDWCL-Main lib _cOC |
||
| 082 | _aCirc. 155.2 E58t 2012 | ||
| 100 | _aEngler, Barbara | ||
| 245 |
_aTheories of personality/ _cBarbara Engler |
||
| 260 |
_aSingapore : _bCengage Learning Asia, _c c2012. |
||
| 300 |
_a 524 pages : _b illustrations ; _c 23 cm. |
||
| 504 | _aIncludes bibliographical references | ||
| 650 | _a1. Personality--Textbooks. | ||
| 942 |
_2ddc _cBK-CIRC _kCirc. _n0 |
||
| 999 |
_c3797 _d3797 |
||